000 00284nam a22001217a 4500
008 180308b xxu||||| |||| 00| 0 eng d
041 _aeng
080 _27th
_a618
100 _a10
101 _aGJIN
245 _aKirstner's gynecology and women's health
_cRyan,K.J
942 _2udc
_cBK
999 _c44392
_d44392